Die 10 größten Staaten der Welt - Statistiken

Allgemein
  • Dieses Quiz wurde 325 mal gespielt
  • Das Durchschnittsergebnis liegt bei 9 aus 10
Antwortstatistiken
Position Staat % Korrekt
1 Russland
100%
2 Kanada
99%
3 China
98%
4 Vereinigte Staaten
98%
5 Brasilien
96%
6 Australien
95%
7 Indien
92%
8 Argentinien
85%
9 Kasachstan
82%
10 Algerien
73%
Keine übereinstimmenden Quizze gefunden
Verteilung der Resultate
Anzahl Personen mit jedem Resultat
Perzentil nach korrekt beantworteten Fragen
Ihre Resultats-Entwicklung
Sie haben dieses Quiz noch nicht gespielt